00544nam a2200229Ia 4500008004000000020001800040041000800058082001300066100002400079245005900103260003500162300001200197650001200209650001300221650000700234650000900241650001300250650001000263650001200273650000800285700002100293210210b2012 xxu||||| |||| 00| 0 eng d a9788176222433 aeng a637 GRAH aGRAG (Sudhi Ranjan) aHandbook of quality control of dairy and meat products aNew DelhibBiotech booksc2012 axii,188 aquality aproducts aof ameat aHandbook adairy acontrol aamd aJADHAV (Vijay J)